Scottish environment statistics (Record no. 492287)

000 -LEADER
fixed length control field 00434cam a22001457a 4500
008 - FIXED-LENGTH DATA ELEMENTS--GENERAL INFORMATION
fixed length control field 180718b1996 xxu||||| |||| 00| 0 eng d
020 ## - INTERNATIONAL STANDARD BOOK NUMBER
International Standard Book Number 0748051457
082 ## - DEWEY DECIMAL CLASSIFICATION NUMBER
Classification number O91 S87
245 ## - TITLE STATEMENT
Title Scottish environment statistics
Statement of responsibility, etc. by Government Statistical Service
260 ## - PUBLICATION, DISTRIBUTION, ETC.
Place of publication, distribution, etc. Edinburgh
Name of publisher, distributor, etc. Government Statistical Service
Date of publication, distribution, etc. 1996
300 ## - PHYSICAL DESCRIPTION
Extent 188p.
650 ## - SUBJECT ADDED ENTRY--TOPICAL TERM
Topical term or geographic name entry element Ecology- Scotland
650 ## - SUBJECT ADDED ENTRY--TOPICAL TERM
Topical term or geographic name entry element Ecology
700 ## - ADDED ENTRY--PERSONAL NAME
Personal name Government Statistical Service
Holdings
Withdrawn status Lost status Damaged status Not for loan Permanent Location Current Location Date acquired Full call number Barcode Date last seen Price effective from Koha item type
        Indian Institute of Public Administration Indian Institute of Public Administration 2018-08-04 O91 S87 GR15276 2018-08-04 2018-08-04 GR

Powered by Koha